000 00195 a2200097 4500
001 8281
100 _aKurz, M
245 _aThe Mountain world 1954
260 _a
_bAllen
_c
090 _c6660
_d6660
942 _aNUST-CAE
_cM
_c33223
999 _c243354
_d243354